000 00315nam a2200133Ia 4500
008 191201s2010 xx 000 0 und d
100 _aGUPTA,S L
245 0 _aEngineering Physics Vol II
250 _a1st
260 _aN. Delhi
_bDhanpat Rai Pub (P) Ltd
_c2010
300 _a328
650 _aApplied
942 _2ddc
_cBK
999 _c87
_d87